30 Years Of Chick Flicks Quiz Stats

Quiz Updated Jan 12, 2018

Also try: Iconic Actresses
Challenge
Share
Tweet
Score 0/30 Timer 07:00
3 Plays Today
% Correct
Titanic
94.8%
The Twilight Saga: New Moon
93.9%
The Devil Wears Prada
91.7%
Bridesmaids
90.3%
Legally Blonde
87.8%
The Notebook
84.2%
Ghost
83.6%
Clueless
83%
Mamma Mia!
79%
Miss Congeniality
77.9%
You've Got Mail
76.5%
Thelma & Louise
75.5%
Bad Moms
73.6%
Trainwreck
71.2%
When Harry Met Sally...
71%
% Correct
A League of Their Own
69.6%
Pride & Prejudice
60.7%
Notting Hill
60.7%
Sleepless in Seattle
60.6%
Mystic Pizza
56.5%
Love Actually
55.3%
Knight and Day
54.3%
Sweet Home Alabama
51.8%
Four Weddings and a Funeral
49.7%
Atonement
47.4%
Girls Trip
41.7%
The English Patient
40.8%
Safe Haven
33.5%
The Vow
32.1%
The Best of Me
24.8%

You're not logged in!

Compare scores with friends on all Sporcle quizzes.
Sign Up with Email
OR
Log In

You Might Also Like...

Show Comments

Extras

Top Quizzes Today


Score Distribution

Your Account Isn't Verified!

In order to create a playlist on Sporcle, you need to verify the email address you used during registration. Go to your Sporcle Settings to finish the process.

Report this User

Report this user for behavior that violates our Community Guidelines.

Details: